Представление документа в формате RUSMARC

ПолеНазваниеЗначение
  Тип записи a
  Библиографический уровень c
001 Контрольный номер 757f9980ec6949bd9ea48a199bf24d4d
005 Дата корректировки 20201221125735.4
010 Индекс ISBN __
a ISBN 978-5-389-14569-6
d Цена 185-66, 4000 экз.
100 Данные общей обработки __
a Данные общей обработки 19200825|2018||||||| 0rusy0189 ca
101 Язык документа 0_
a Язык текста rus
102 Страна публикации __
a Страна публикации ru|
102 Страна публикации __
a Страна публикации RU
105 Кодированные данные (монография) __
a Кодированные данные (монография) #|||||||000zy
200 Заглавие и сведения об ответственности 1_
a Заглавие Печальный детектив
e Сведения, относящиеся к заглавию роман, повести, рассказы
f Первые сведения об ответственности Виктор Астафьев
203 Вид содержания и тип средства __
a Вид содержания Текст
c Тип средства непосредственный
210 Выходные данные __
a Место издания Санкт-Петербург
a Место издания Москва
a Место издания Киев
c Издательство Азбука
c Издательство Азбука-Аттикус
c Издательство Махаон-Украина
d Дата издания 2018
215 Физическое описание __
a Объем 509, [2] с.
d Формат 18 см
225 Серия __
a Серия Азбука-классика
300 Общие примечания __
a Общие примечания Содержит нецензурную брань
327 Примечание о содержании __
a Примечание о содержании Ода русскому огороду
327 Примечание о содержании __
a Примечание о содержании Пастух и пастушка. Современная пастораль
327 Примечание о содержании __
a Примечание о содержании Передышка
327 Примечание о содержании __
a Примечание о содержании Курица - не птица
327 Примечание о содержании __
a Примечание о содержании Сибиряк
327 Примечание о содержании __
a Примечание о содержании Жизнь прожить
330 Аннотация __
a Аннотация Виктор Петрович Астафьев (1924–2001) родился в сибирском селе Овсянка на берегу Енисея. В 1942 году добровольцем отправился на фронт и прошел всю войну простым солдатом. В трудное послевоенное время сменил множество профессий: работал и плотником, и слесарем, и грузчиком… Страстный рыбак, охотник, труженик и воин – все, о чем писал в своих книгах, Астафьев знал не понаслышке. О несовместимости войны и жизни и о том, как трудно сохранить себя, даже вернувшись с войны без единой царапины. О сибирской природе, ее суровых таежных законах и первозданной красоте, доступной тем, кто не утратил с миром исконной связи. О значении семьи и вечных законах морали. О необходимости вернуться "к себе, к тому, каким ты задуман Создателем и взращен природой".
333 Примечание о целевом назначении __
a Примечание о целевом назначении 18+. Запрещено для детей
606 Тематические рубрики __
a Основная рубрика Художественная литература
606 Тематические рубрики __
a Основная рубрика Русская литература XX в. (произведения)
610 Ключевые слова __
a Ключевые слова романы
610 Ключевые слова __
a Ключевые слова советская литература
610 Ключевые слова __
a Ключевые слова повести
610 Ключевые слова __
a Ключевые слова рассказы
610 Ключевые слова __
a Ключевые слова тема людей
610 Ключевые слова __
a Ключевые слова тема жизни
610 Ключевые слова __
a Ключевые слова тема Сибири
610 Ключевые слова __
a Ключевые слова проза
610 Ключевые слова __
a Ключевые слова деревенская проза
686 Индексы других классификаций __
2 Код системы rubbks
a Классификационный индекс 84(2=411.2)6-4; ст84(2=411.2)6-4
700 Автор _1
a Фамилия Астафьев
b Имя В. П.
f Даты 1924-2001
g Полное личное имя Виктор Петрович
4 Код отношения 070
801 Источник записи _0
a Страна ru
b Организация Муниципальное бюджетное учреждение культуры "Централизованная библиотечная система" г. Сургут (Центральная городская библиотека им. А. С. Пушкина)
c Дата составления 20200825
g Правила каталогизации PSBO
801 Источник записи _1
a Страна ru
b Организация Муниципальное бюджетное учреждение культуры "Централизованная библиотечная система" г. Сургут (Центральная городская библиотека им. А. С. Пушкина)
c Дата составления 20200825
g Правила каталогизации PSBO
852 Данные о местонахождении __
j Шифр хранения 84(2=411.2)6-4
i Авторский знак А 91
901 Тип документа __
t Тип документа x
a Ответственный ООФиК/Волкова
903 Характеристики (МАРС) __
a Дата передачи 20200825
911 __
u 336a=Текст
911 __
u 337a=непосредственный
990 Данные о заказе (DOS) __
j Количество экземпляров (DOS) 8
t N записи в КСУ для И/У (DOS) 202007